<?xml version="1.0" encoding="UTF-8"?><?xml-stylesheet type="text/xsl" href="static/style.xsl"?><OAI-PMH xmlns="http://www.openarchives.org/OAI/2.0/" xmlns:xsi="http://www.w3.org/2001/XMLSchema-instance" xsi:schemaLocation="http://www.openarchives.org/OAI/2.0/ http://www.openarchives.org/OAI/2.0/OAI-PMH.xsd"><responseDate>2026-06-07T19:16:07Z</responseDate><request verb="GetRecord" identifier="oai:docta.ucm.es:20.500.14352/136982" metadataPrefix="marc">https://docta.ucm.es/rest/oai/request</request><GetRecord><record><header><identifier>oai:docta.ucm.es:20.500.14352/136982</identifier><datestamp>2026-05-29T00:02:17Z</datestamp><setSpec>com_20.500.14352_14</setSpec><setSpec>col_20.500.14352_18</setSpec></header><metadata><record xmlns="http://www.loc.gov/MARC21/slim" xmlns:dcterms="http://purl.org/dc/terms/" xmlns:xsi="http://www.w3.org/2001/XMLSchema-instance" xmlns:doc="http://www.lyncode.com/xoai" xsi:schemaLocation="http://www.loc.gov/MARC21/slim http://www.loc.gov/standards/marcxml/schema/MARC21slim.xsd">
   <leader>00925njm 22002777a 4500</leader>
   <datafield ind2=" " ind1=" " tag="042">
      <subfield code="a">dc</subfield>
   </datafield>
   <datafield ind2=" " ind1=" " tag="720">
      <subfield code="a">Díaz-Tendero Bollaín, Aída</subfield>
      <subfield code="e">author</subfield>
   </datafield>
   <datafield ind2=" " ind1=" " tag="260">
      <subfield code="c">2017</subfield>
   </datafield>
   <datafield ind1="8" ind2=" " tag="024">
      <subfield code="a">Aída Díaz-Tendero Bollaín (2017). El envejecimiento como efecto colateral de la transición demográfica. El caso de América Central y las Antillas Mayores en: Santana Hernández, A. Horizontes latinoamericanos: Pasado y presente (1a ed.) pp.147-159). Universidad Nacional Autónoma de México Centro de Investigaciones sobre América Latina y el Caribe. 978-60-702-7487-9</subfield>
   </datafield>
   <datafield ind1="8" ind2=" " tag="024">
      <subfield code="a">978-60-702-7487-9</subfield>
   </datafield>
   <datafield ind1="8" ind2=" " tag="024">
      <subfield code="a">https://hdl.handle.net/20.500.14352/136982</subfield>
   </datafield>
   <datafield ind1="8" ind2=" " tag="024">
      <subfield code="a">http://www.libros.unam.mx/horizontes-latinoamericanos-pasado-y-presente-9786070274879-libro.html</subfield>
   </datafield>
   <datafield ind2="0" ind1="0" tag="245">
      <subfield code="a">El envejecimiento como efecto colateral de la transición demográfica. El caso de América Central y las Antillas Mayores</subfield>
   </datafield>
</record></metadata></record></GetRecord></OAI-PMH>